000
00307nam a2200109Ia 4500
001
1265511
005
20260417142028.0
008
260417s9999 xx 000 0 und d
020
_a
9786256309586
245
0
_a
Ulysses Gramofonu Joyce’ta Evet Söylen(t)isi
_c
Jacques Derrida
260
_b
Ketebe Yayınları
999
_c
1265511
_d
1265511